6 Letter-Word Scramble - Statistics

General Stats
  • This quiz has been taken 50 times
  • The average score is 7 of 15
Answer Stats
Hint Answer % Correct
Csocre Soccer
79%
Rafenc France
69%
Dimled Middle
67%
Zwirda Wizard
64%
Apdnsa Pandas
62%
Ttkaca Attack
59%
Etlret Letter
49%
Sbaetk Basket
44%
Loferw Flower
38%
Tsnsoe Stones
33%
Lisnda Island
31%
Rhsask Sharks
31%
Munash Humans
23%
Dranmo Random
15%
Soretr Roster
8%
No matching quizzes found
Score Distribution
Percent of People with Each Score
Percentile by Number Answered
Your Score History
You have not taken this quiz